[Event "27th Chicago Open"]
[Site "Chicago"]
[Date "2018.05.26"]
[Round "5.2"]
[White "Dragun, Kamil"]
[Black "Bora, Safal"]
[Result "1-0"]
[WhiteElo "2591"]
[BlackElo "2385"]
[PlyCount "51"]
[EventDate "2018.05.??"]
[EventType "swiss"]
[EventRounds "9"]
[EventCountry "USA"]

1. Nf3 Nf6 2. b3 g6 3. Bb2 Bg7 4. g3 b6 5. d4 Bb7 6. c4 O-O 7. Bg2 c5 8. O-O
cxd4 9. Qxd4 d6 10. Nc3 Ne4 11. Qe3 Nxc3 12. Bxc3 Nd7 13. Bxg7 Kxg7 14. Rfd1
Nf6 15. a4 Qc7 16. Rac1 Rfe8 17. b4 a5 18. c5 bxc5 19. bxc5 dxc5 20. Rxc5 Qb6
21. Rdc1 Ne4 22. Qd4+ Qf6 23. Rc7 Rec8 24. Rxc8 Rxc8 25. Rxc8 Nd6 26. Rc7 1-0

[Event "27th Chicago Open"]
[Site "Chicago"]
[Date "2018.05.26"]
[Round "5.3"]
[White "Ashwin, Jayaram"]
[Black "Li, Ben"]
[Result "1-0"]
[WhiteElo "2483"]
[BlackElo "2343"]
[PlyCount "81"]
[EventDate "2018.05.??"]
[EventType "swiss"]
[EventRounds "9"]
[EventCountry "USA"]

1. d4 d5 2. c4 e6 3. Nc3 Nf6 4. cxd5 exd5 5. Bg5 c6 6. Qc2 Be7 7. e3 Nbd7 8.
Bd3 h6 9. Bh4 Nh5 10. Bxe7 Qxe7 11. O-O-O Nb6 12. h3 Be6 13. Nf3 Nf6 14. Kb1
O-O-O 15. Nd2 Kb8 16. Nb3 Nfd7 17. Ne2 h5 18. h4 Rhe8 19. Nf4 g6 20. Rc1 Nc8
21. Ka1 Qf6 22. Na5 Nd6 23. Ba6 Nb6 24. Bxb7 Nxb7 25. Nxc6+ Ka8 26. Qb3 Rd6 27.
Qa3 Nc8 28. Rc3 Bd7 29. Nb4 Nb6 30. Rhc1 Qd8 31. Na6 Ree6 32. Nc7+ Kb8 33. Na6+
Ka8 34. Nc7+ Kb8 35. Nfxe6 fxe6 36. Na6+ Ka8 37. Nc7+ Kb8 38. Na6+ Ka8 39. Nc5
Bc8 40. b3 Qf8 41. Na4 1-0

[Event "27th Chicago Open"]
[Site "Chicago"]
[Date "2018.05.26"]
[Round "5"]
[White "Stukopin, Andrey"]
[Black "Checa, Nicolas"]
[Result "1-0"]
[WhiteElo "2580"]
[BlackElo "2481"]
[PlyCount "63"]
[EventDate "2018.05.??"]
[EventType "swiss"]
[EventRounds "9"]
[EventCountry "USA"]

1. e4 e6 2. d4 d5 3. Bd3 c5 4. exd5 exd5 5. Nf3 Nf6 6. O-O c4 7. Be2 Nc6 8. b3
cxb3 9. axb3 Be7 10. c4 O-O 11. Nc3 Bg4 12. Ra4 dxc4 13. d5 Bxf3 14. Bxf3 Ne5
15. bxc4 Nxf3+ 16. Qxf3 Nd7 17. Be3 Bc5 18. Bf4 Nb6 19. Ra5 Bb4 20. Rb5 Bxc3
21. Qxc3 Rc8 22. Qd3 a6 23. Rb3 Nxc4 24. Rxb7 Qf6 25. Qg3 Qd4 26. d6 Rfd8 27.
Rc7 Ra8 28. Bg5 Nxd6 29. Bxd8 Rxd8 30. Qf3 Qe4 31. Rxf7 Qxf3 32. Rxf3 1-0

[Event "27th Chicago Open"]
[Site "Chicago"]
[Date "2018.05.26"]
[Round "5"]
[White "Shabalov, Alexander"]
[Black "Boros, Denes"]
[Result "1-0"]
[WhiteElo "2564"]
[BlackElo "2423"]
[PlyCount "61"]
[EventDate "2018.05.??"]
[EventType "swiss"]
[EventRounds "9"]
[EventCountry "USA"]

1. e4 e5 2. Nf3 Nc6 3. Bb5 Nf6 4. Nc3 Bb4 5. d3 d6 6. O-O a6 7. Bxc6+ bxc6 8.
Ne2 O-O 9. c3 Bc5 10. Ng3 h6 11. h3 Bb6 12. Re1 Re8 13. d4 exd4 14. cxd4 Bb7
15. Bf4 c5 16. d5 c6 17. dxc6 Bxc6 18. Qc2 d5 19. Rad1 Qc8 20. e5 Ne4 21. Nxe4
dxe4 22. Nd2 Qf5 23. Bg3 Ba5 24. Nxe4 Bxe4 25. Qxe4 Qe6 26. Rf1 c4 27. Qc2 Rad8
28. Rd6 Rxd6 29. exd6 Bb6 30. Qa4 Bd4 31. b3 1-0

[Event "27th Chicago Open"]
[Site "Chicago"]
[Date "2018.05.26"]
[Round "5"]
[White "Larson, Matthew"]
[Black "Macieja, Bartlomiej"]
[Result "1/2-1/2"]
[WhiteElo "2379"]
[BlackElo "2534"]
[PlyCount "92"]
[EventDate "2018.05.??"]
[EventType "swiss"]
[EventRounds "9"]
[EventCountry "USA"]

1. d4 Nf6 2. c4 e6 3. Nc3 Bb4 4. f3 d5 5. a3 Bxc3+ 6. bxc3 c6 7. e4 dxe4 8.
fxe4 e5 9. Nf3 Qa5 10. Qd3 exd4 11. Bd2 dxc3 12. Bxc3 Qc7 13. e5 Qe7 14. Be2
Nfd7 15. O-O O-O 16. Kh1 Nc5 17. Qc2 Nba6 18. Nd2 Qg5 19. Rad1 Qg6 20. Qxg6
fxg6 21. Nf3 Be6 22. Kg1 Rad8 23. Ba5 Rxd1 24. Rxd1 h6 25. Kf2 Rf4 26. Bd2 Rf5
27. Ke3 g5 28. Bc3 Rf4 29. Rd8+ Rf8 30. Rd6 Re8 31. h4 gxh4 32. Nxh4 Na4 33.
Bh5 Bf7 34. Bxf7+ Kxf7 35. Ba1 N6c5 36. Bd4 Nb3 37. Rd7+ Ke6 38. Rxb7 Nxd4 39.
Kxd4 Rd8+ 40. Ke3 Rd3+ 41. Kxd3 Nc5+ 42. Kd4 Nxb7 43. Ng6 Na5 44. g4 Nb3+ 45.
Kc3 Nc5 46. Kd4 Nb3+ 1/2-1/2

[Event "27th Chicago Open"]
[Site "Chicago"]
[Date "2018.05.26"]
[Round "5"]
[White "Shimanov, Aleksandr"]
[Black "Young, Angelo"]
[Result "1-0"]
[WhiteElo "2625"]
[BlackElo "2277"]
[PlyCount "111"]
[EventDate "2018.05.??"]
[EventType "swiss"]
[EventRounds "9"]
[EventCountry "USA"]

1. d4 c5 2. c3 Nf6 3. Nf3 e6 4. Bf4 Nd5 5. Bg3 Qb6 6. Qb3 Nc6 7. e3 cxd4 8.
exd4 Qxb3 9. axb3 f5 10. Bd3 Be7 11. b4 g5 12. h3 d6 13. Nbd2 O-O 14. Nc4 f4
15. Bh2 Bd7 16. Nfd2 a6 17. Be4 Rab8 18. Kd1 Nf6 19. Bd3 b5 20. Na5 Nxa5 21.
Rxa5 Bc8 22. Re1 Bd8 23. Ra1 Bc7 24. f3 Kf7 25. Bg1 h6 26. Bc2 Re8 27. Bb3 d5
28. Bc2 h5 29. Bf2 Rg8 30. Bd3 Rb6 31. Nb3 g4 32. hxg4 hxg4 33. Rh1 g3 34. Be1
Rc6 35. Bd2 Kg7 36. Nc1 Rh8 37. Rxh8 Kxh8 38. Ne2 Nh5 39. Kc2 Kg7 40. Rh1 Nf6
41. Bxf4 Bxf4 42. Nxf4 Kf7 43. Ng6 Rc7 44. Rh3 Nd7 45. Rxg3 Kf6 46. f4 Kf7 47.
Rh3 Kg7 48. g4 Nf6 49. Ne5 Ne4 50. Bxe4 dxe4 51. Kd2 Bb7 52. g5 Bd5 53. Ke3 a5
54. g6 Kg8 55. Rh7 Rc8 56. Ng4 1-0

[Event "27th Chicago Open"]
[Site "Chicago"]
[Date "2018.05.26"]
[Round "5"]
[White "Perelshteyn, Eugene"]
[Black "Shetty, Atulya"]
[Result "0-1"]
[WhiteElo "2522"]
[BlackElo "2373"]
[PlyCount "56"]
[EventDate "2018.05.??"]
[EventType "swiss"]
[EventRounds "9"]
[EventCountry "USA"]

1. d4 d5 2. c4 c6 3. Nc3 Nf6 4. Nf3 a6 5. g3 dxc4 6. a4 e6 7. Bg2 c5 8. O-O Nc6
9. Ne5 Na5 10. dxc5 Qc7 11. Bf4 Qxc5 12. Ne4 Nxe4 13. Bxe4 Be7 14. Rc1 g5 15.
b4 Qxb4 16. Be3 f6 17. Bxg5 Qc5 18. e3 Qxe5 19. Qh5+ Kd8 20. Rfd1+ Bd7 21. Qf7
fxg5 22. Rxd7+ Kxd7 23. Rd1+ Kc8 24. Qxe7 Qxe4 25. Rd6 Nc6 26. Qd7+ Kb8 27.
Rxe6 Qb1+ 28. Kg2 Rd8 0-1

[Event "27th Chicago Open"]
[Site "Chicago"]
[Date "2018.05.26"]
[Round "5"]
[White "Santarius, Erik"]
[Black "Hevia Alejano, Carlos Antonio"]
[Result "1/2-1/2"]
[WhiteElo "2368"]
[BlackElo "2489"]
[PlyCount "101"]
[EventDate "2018.05.??"]
[EventType "swiss"]
[EventRounds "9"]
[EventCountry "USA"]

1. d4 Nf6 2. c4 e6 3. Nf3 b6 4. g3 Ba6 5. Nbd2 Bb4 6. a3 Bxd2+ 7. Nxd2 Bb7 8.
Nf3 a5 9. Bg2 a4 10. O-O d6 11. d5 e5 12. Nh4 Nbd7 13. f4 e4 14. Qc2 O-O 15.
Bxe4 Nxe4 16. Qxe4 Nc5 17. Qc2 Re8 18. Re1 Re4 19. Nf3 Qf6 20. Bd2 Rae8 21. e3
Ba6 22. Bc3 Qg6 23. Bd4 Nb3 24. Rad1 h6 25. Qc3 Bc8 26. Rd3 Bh3 27. Kf2 f6 28.
Nd2 Nxd2 29. Rxd2 h5 30. Rg1 Kf7 31. Re2 Qf5 32. Ke1 Bg4 33. Rd2 h4 34. Rd3 Qh5
35. Qd2 hxg3 36. hxg3 Rh8 37. Qg2 Qg6 38. Kd2 Ree8 39. Kc3 Rh3 40. Rd2 Qh5 41.
Rf1 Bf5 42. Rg1 Be4 43. g4 Bxg2 44. gxh5 Be4 45. Kb4 Ra8 46. Rf2 Rxh5 47. Rd2
Rhh8 48. Bc3 Rh3 49. Bd4 Rhh8 50. Bc3 Rh3 51. Bd4 1/2-1/2

[Event "27th Chicago Open"]
[Site "Chicago"]
[Date "2018.05.26"]
[Round "5"]
[White "Katz, Alexander"]
[Black "Gurevich, Daniel"]
[Result "1-0"]
[WhiteElo "2355"]
[BlackElo "2471"]
[PlyCount "89"]
[EventDate "2018.05.??"]
[EventType "swiss"]
[EventRounds "9"]
[EventCountry "USA"]

1. e4 c6 2. d4 d5 3. Nc3 dxe4 4. Nxe4 Bf5 5. Ng3 Bg6 6. h4 h6 7. Nf3 Nd7 8. h5
Bh7 9. Bd3 Bxd3 10. Qxd3 e6 11. Bd2 Ngf6 12. O-O-O Be7 13. Ne4 O-O 14. Nxf6+
Nxf6 15. g4 Qd5 16. g5 Qxa2 17. c3 hxg5 18. Bxg5 Qa1+ 19. Kc2 Qa4+ 20. Kb1 Qb5
21. c4 Qf5 22. Qxf5 exf5 23. Nh4 Bd8 24. Nxf5 Ne8 25. Bd2 Kh7 26. Bb4 Rg8 27.
d5 cxd5 28. Rxd5 Nf6 29. Rd3 Bc7 30. Be7 Bd8 31. Bb4 Bc7 32. Bc3 Rad8 33. Rxd8
Bxd8 34. Nd6 Be7 35. Nf5 Bd8 36. f3 Ne8 37. Rd1 Nf6 38. Rh1 Ne8 39. Rd1 Nf6 40.
h6 gxh6 41. Rd6 Rg1+ 42. Kc2 Kg6 43. Nh4+ Kg5 44. Rxd8 Rh1 45. Ng2 1-0

[Event "27th Chicago Open"]
[Site "Chicago"]
[Date "2018.05.27"]
[Round "5"]
[White "Shmeliov, Denis"]
[Black "Wang, Justin"]
[Result "1-0"]
[WhiteElo "2443"]
[BlackElo "2338"]
[PlyCount "147"]
[EventDate "2018.05.??"]
[EventType "swiss"]
[EventRounds "9"]
[EventCountry "USA"]

1. c4 Nf6 2. g3 e6 3. Bg2 d5 4. Nf3 d4 5. O-O c5 6. e3 Nc6 7. exd4 cxd4 8. Re1
Bd6 9. d3 O-O 10. a3 a5 11. Bg5 h6 12. Bxf6 Qxf6 13. Nbd2 Qd8 14. Rc1 Re8 15.
c5 Bc7 16. Nc4 e5 17. Nfd2 Be6 18. Ne4 Re7 19. Ned6 Bxc4 20. Nxc4 a4 21. Be4
Na5 22. Qxa4 Nxc4 23. Qxc4 Qc8 24. Bd5 Bd8 25. c6 bxc6 26. Qxc6 Qxc6 27. Rxc6
Rb8 28. Re2 Kf8 29. Rec2 Rd7 30. Bc4 Rdb7 31. b4 Ke7 32. Ra6 Rb6 33. Ra5 f6 34.
Bd5 Rd6 35. Ra7+ Rd7 36. Rxd7+ Kxd7 37. g4 Rb6 38. b5 Kd6 39. Bc6 Rb8 40. a4
Ba5 41. Rc4 Rc8 42. Kg2 g6 43. Kg3 f5 44. gxf5 gxf5 45. f4 Bb6 46. fxe5+ Kxe5
47. Rc1 Rg8+ 48. Kf3 Rc8 49. Re1+ Kd6 50. Rg1 Rc7 51. Kf4 Rf7 52. Rg6+ Kc5 53.
Rxh6 Bc7+ 54. Kg5 Bd8+ 55. Kh5 Rg7 56. Rh8 Bc7 57. h4 f4 58. Rf8 Rh7+ 59. Kg4
Rg7+ 60. Kf5 Rh7 61. Kg5 Rg7+ 62. Kh6 Rg3 63. Rf5+ Kb6 64. Be4 Ka5 65. Rf7 Bb6
66. Rxf4 Kxa4 67. Rf5 Kb4 68. h5 Bc5 69. Rxc5 Kxc5 70. Bg6 Kd6 71. Kg7 Rg1 72.
h6 Ra1 73. h7 Ra8 74. h8=Q 1-0

[Event "27th Chicago Open"]
[Site "Chicago"]
[Date "2018.05.26"]
[Round "5"]
[White "Nyzhnyk, Illya"]
[Black "Moore, Nickolas"]
[Result "1-0"]
[WhiteElo "2618"]
[BlackElo "2092"]
[PlyCount "63"]
[EventDate "2018.05.??"]
[EventType "swiss"]
[EventRounds "9"]
[EventCountry "USA"]

1. d4 Nf6 2. Nf3 c5 3. d5 e6 4. Nc3 d6 5. dxe6 Bxe6 6. e4 Be7 7. Ng5 Qd7 8.
Nxe6 Qxe6 9. Bb5+ Nc6 10. O-O O-O 11. Nd5 Qxe4 12. Bxc6 bxc6 13. Nc7 Rac8 14.
Re1 Rxc7 15. Rxe4 Nxe4 16. Qe2 Bf6 17. f3 Ng5 18. Bf4 Rd8 19. Bxd6 Bd4+ 20. Kf1
Rcd7 21. Re1 h6 22. Be5 Re7 23. Qd2 Ne6 24. Bxd4 cxd4 25. f4 Rd5 26. g4 g6 27.
f5 gxf5 28. Qxh6 Red7 29. g5 Ng7 30. g6 fxg6 31. Qxg6 Rd8 32. Re7 1-0

[Event "27th Chicago Open"]
[Site "Chicago"]
[Date "2018.05.26"]
[Round "5"]
[White "Colas, Joshua"]
[Black "Mulyar, Michael"]
[Result "1/2-1/2"]
[WhiteElo "2262"]
[BlackElo "2400"]
[PlyCount "114"]
[EventDate "2018.05.??"]
[EventType "swiss"]
[EventRounds "9"]
[EventCountry "USA"]

1. Nf3 d5 2. g3 Nf6 3. c4 c6 4. b3 Bg4 5. Bg2 e6 6. Bb2 Nbd7 7. O-O Be7 8. d3
O-O 9. Nbd2 a5 10. a3 Bd6 11. h3 Bh5 12. Qc2 e5 13. e4 dxe4 14. dxe4 Re8 15.
Nh4 Qb6 16. g4 Bg6 17. Nf5 Bf8 18. Bc3 Rad8 19. Rfb1 Nc5 20. b4 axb4 21. axb4
Nd3 22. c5 Qc7 23. Nc4 Bxf5 24. exf5 Nf4 25. Re1 Nxg2 26. Kxg2 Nd7 27. Re2 b6
28. cxb6 Nxb6 29. Bxe5 Qb7 30. Na5 Qd7 31. Qxc6 Qd5+ 32. Qxd5 Rxd5 33. Rae1
Bxb4 34. Bc3 Rxe2 35. Rxe2 Bf8 36. Re8 f6 37. Bb4 Nd7 38. Rd8 Rb5 39. Nc6 Rb7
40. Bd6 g6 41. Nb8 Kf7 42. Nxd7 Bxd6 43. Nxf6 Bc7 44. Ne4 Bxd8 45. Nd6+ Ke7 46.
Nxb7 Bb6 47. fxg6 hxg6 48. h4 Kd7 49. f4 Kc6 50. f5 gxf5 51. g5 Kxb7 52. Kf3
Kc6 53. Kf4 Kd6 54. Kxf5 Ke7 55. Kg6 Bf2 56. h5 Be3 57. h6 Bxg5 1/2-1/2

[Event "27th Chicago Open"]
[Site "Chicago"]
[Date "2018.05.26"]
[Round "5"]
[White "Homa, Seth"]
[Black "Li, Beilin"]
[Result "1-0"]
[WhiteElo "2231"]
[BlackElo "1938"]
[PlyCount "65"]
[EventDate "2018.05.??"]
[EventType "swiss"]
[EventRounds "9"]
[EventCountry "USA"]

1. c4 e5 2. Nc3 Bb4 3. Qc2 Nf6 4. Nf3 Nc6 5. e3 Bxc3 6. bxc3 Qe7 7. e4 O-O 8.
Be2 d6 9. d3 h6 10. O-O Ne8 11. Rb1 Rb8 12. g3 Bh3 13. Re1 g5 14. Nd2 f5 15.
exf5 Bxf5 16. Bf3 Nf6 17. Ne4 Nxe4 18. Bxe4 Bxe4 19. Rxe4 Qd7 20. h4 Rf5 21.
hxg5 hxg5 22. Be3 b6 23. Qe2 d5 24. cxd5 Qxd5 25. Qg4 Rf7 26. Qxg5+ Rg7 27. Qh6
Qxd3 28. Qe6+ Kf8 29. Rh4 Qxb1+ 30. Kg2 Ne7 31. Rh8+ Ng8 32. Bh6 Qe4+ 33. Kh2
1-0

[Event "27th Chicago Open"]
[Site "Chicago"]
[Date "2018.05.26"]
[Round "5"]
[White "Miellier, Yan"]
[Black "Proleiko, Julian"]
[Result "1-0"]
[WhiteElo "2050"]
[BlackElo "2168"]
[PlyCount "69"]
[EventDate "2018.05.??"]
[EventType "swiss"]
[EventRounds "9"]
[EventCountry "USA"]

1. d4 d5 2. c4 c6 3. Nf3 e6 4. Nc3 dxc4 5. a4 Bb4 6. Bd2 a5 7. e3 b5 8. axb5
Bxc3 9. Bxc3 cxb5 10. b3 Bb7 11. bxc4 b4 12. Bb2 Nf6 13. Bd3 Nbd7 14. O-O O-O
15. Nd2 Qc7 16. e4 e5 17. f4 exd4 18. e5 Qc6 19. Nf3 Nh5 20. Nh4 g6 21. Qg4 Nc5
22. Be2 Qe4 23. Bf3 Qe3+ 24. Kh1 Bxf3 25. Nxf3 Nb3 26. Rae1 Qxf4 27. Qh3 d3 28.
e6 f5 29. e7 Rfe8 30. Ne5 Qd2 31. Nxd3 Nc5 32. Rd1 Qc2 33. Qf3 Qxc4 34. Nxc5
Qxc5 35. Qb3+ 1-0

[Event "27th Chicago Open"]
[Site "Chicago"]
[Date "2018.05.26"]
[Round "4.1"]
[White "Bora, Safal"]
[Black "Ashwin, Jayaram"]
[Result "1/2-1/2"]
[WhiteElo "2385"]
[BlackElo "2483"]
[PlyCount "25"]
[EventDate "2018.05.??"]
[EventType "swiss"]
[EventRounds "9"]
[EventCountry "USA"]

1. Nf3 Nf6 2. g3 d5 3. Bg2 c6 4. O-O Bg4 5. c4 e6 6. cxd5 exd5 7. Qb3 Qb6 8.
Qc2 Nbd7 9. d3 Qc5 10. Qb3 Qb6 11. Qc2 Qc5 12. Qb3 Qb6 13. Qc2 1/2-1/2

[Event "27th Chicago Open"]
[Site "Chicago"]
[Date "2018.05.26"]
[Round "4.2"]
[White "Li, Ben"]
[Black "Patel, Advait"]
[Result "1/2-1/2"]
[WhiteElo "2343"]
[BlackElo "2475"]
[PlyCount "67"]
[EventDate "2018.05.??"]
[EventType "swiss"]
[EventRounds "9"]
[EventCountry "USA"]

1. d4 Nf6 2. c4 g6 3. Nc3 Bg7 4. e4 d6 5. Nf3 O-O 6. h3 e5 7. d5 Nh5 8. g3 f5
9. exf5 gxf5 10. Nh4 Nf4 11. Bd2 Qe7 12. Qc2 Na6 13. a3 Nc5 14. Rg1 a5 15.
O-O-O Ng6 16. Nxg6 hxg6 17. Re1 a4 18. Kb1 Nb3 19. Be3 Qf7 20. f3 Nd4 21. Qd1
Bd7 22. Bd3 c5 23. g4 e4 24. fxe4 f4 25. Ref1 Be5 26. Ne2 Nxe2 27. Qxe2 Qh7 28.
Bd2 Qxh3 29. Rh1 Qxg4 30. Qh2 Qh5 31. Qg2 Qg4 32. Qh2 Qh5 33. Qg2 Qg4 34. Qh2
1/2-1/2

[Event "27th Chicago Open"]
[Site "Chicago"]
[Date "2018.05.26"]
[Round "4.3"]
[White "Shimanov, Aleksandr"]
[Black "Aldama Degurnay, Dionisio"]
[Result "0-1"]
[WhiteElo "2625"]
[BlackElo "2432"]
[PlyCount "151"]
[EventDate "2018.05.??"]
[EventType "swiss"]
[EventRounds "9"]
[EventCountry "USA"]

1. e4 e5 2. Nf3 Nc6 3. Bc4 Be7 4. O-O Nf6 5. d3 d6 6. a4 O-O 7. Re1 Na5 8. Ba2
c5 9. c3 a6 10. Nbd2 Bd7 11. Nf1 b5 12. axb5 axb5 13. Bg5 Nc6 14. Ne3 h6 15.
Bh4 Ng4 16. Bxe7 Nxe7 17. Nc2 Qb6 18. h3 Nf6 19. Bb3 c4 20. Rxa8 Rxa8 21. dxc4
bxc4 22. Bxc4 Qxb2 23. Qxd6 Ng6 24. Qd3 Nf4 25. Qd2 Qb8 26. Nb4 Qc7 27. Bd5 Ra3
28. Re3 Bxh3 29. gxh3 Nxh3+ 30. Kf1 Ng4 31. Nc6 Ra6 32. Nb4 Nxe3+ 33. Qxe3 Ra1+
34. Ne1 Nf4 35. Nbd3 Nxd5 36. exd5 Qc4 37. d6 Qd5 38. Qh3 Qxd6 39. Qc8+ Qf8 40.
Qxf8+ Kxf8 41. Nxe5 Rc1 42. c4 f6 43. Nd7+ Kf7 44. Nb6 h5 45. f4 h4 46. Kf2 Kg6
47. Nd5 Rxc4 48. f5+ Kh6 49. Ne3 Ra4 50. Kf3 Kg5 51. Nd3 h3 52. Nf2 h2 53. Kg3
Ra3 54. Kf3 Ra1 55. Kg2 Ra2 56. Neg4 Kxf5 57. Nxh2 Kf4 58. Nf1 g5 59. Ng3 g4
60. Nf1 Ra3 61. Nh1 f5 62. Nfg3 Kg5 63. Nf2 Ra2 64. Kg1 f4 65. Nge4+ Kh4 66.
Nd3 f3 67. Ne5 Ra4 68. Nd2 Kg3 69. Nf1+ Kh3 70. Ne3 Ra1+ 71. Kf2 Ra2+ 72. Kg1
f2+ 73. Kf1 g3 74. Nf3 Ra3 75. Ng5+ Kh4 76. Nf3+ 0-1

[Event "27th Chicago Open"]
[Site "Chicago"]
[Date "2018.05.26"]
[Round "4.4"]
[White "Ali Marandi, Cemil Can"]
[Black "Jumabayev, Rinat"]
[Result "1/2-1/2"]
[WhiteElo "2521"]
[BlackElo "2621"]
[PlyCount "114"]
[EventDate "2018.05.??"]
[EventType "swiss"]
[EventRounds "9"]
[EventCountry "USA"]

1. e4 c5 2. c3 g6 3. d4 cxd4 4. cxd4 d5 5. e5 Nc6 6. Nc3 Nh6 7. h3 f6 8. exf6
exf6 9. Bb5 Bg7 10. Nge2 O-O 11. O-O Nf5 12. Ba4 Be6 13. Nf4 Bf7 14. Nfxd5
Nfxd4 15. Be3 f5 16. Bxc6 Nxc6 17. Qd2 Bxd5 18. Nxd5 Rf7 19. Rad1 Qf8 20. b4 b6
21. Rfe1 Re8 22. a4 h6 23. b5 Na5 24. Bd4 Nb3 25. Bxg7 Nxd2 26. Bxf8 Rxe1+ 27.
Rxe1 Kxf8 28. Nf4 g5 29. Ne6+ Kg8 30. Nd4 Kg7 31. Re6 h5 32. Rc6 Rf6 33. f3 Kf7
34. Rc7+ Ke8 35. Kf2 f4 36. Rc2 Nb1 37. Ke2 Rd6 38. Kd3 Ke7 39. Rb2 Na3 40. Kc3
Rd5 41. Nb3 Rd1 42. Re2+ Kf6 43. Kb4 Nb1 44. Rc2 g4 45. hxg4 hxg4 46. fxg4 Kg5
47. Rc7 Rg1 48. Rxa7 Rxg2 49. Nd4 Rb2+ 50. Kc4 Kxg4 51. Rg7+ Kh3 52. Rg6 Nd2+
53. Kc3 Ra2 54. Rxb6 Rxa4 55. Kxd2 Rxd4+ 56. Ke2 Kg4 57. Rg6+ Kf5 1/2-1/2

[Event "27th Chicago Open"]
[Site "Chicago"]
[Date "2018.05.26"]
[Round "4"]
[White "Wang, Tianqi"]
[Black "Shabalov, Alexander"]
[Result "1/2-1/2"]
[WhiteElo "2293"]
[BlackElo "2564"]
[PlyCount "152"]
[EventDate "2018.05.??"]
[EventType "swiss"]
[EventRounds "9"]
[EventCountry "USA"]

1. Nf3 g6 2. c4 Bg7 3. e3 f5 4. Nc3 Nf6 5. d4 O-O 6. Be2 d6 7. O-O c6 8. b3 Na6
9. Bb2 Bd7 10. Qc2 Nb4 11. Qb1 a5 12. a3 Na6 13. Qc2 Qc7 14. Rad1 b5 15. cxb5
cxb5 16. b4 e6 17. Qb3 a4 18. Qa2 Qb7 19. d5 e5 20. Ng5 Rfe8 21. Ne6 Bh8 22. f4
Qb6 23. Kh1 h6 24. fxe5 dxe5 25. e4 f4 26. Qb1 Rab8 27. Qd3 Qd6 28. g3 Bxe6 29.
dxe6 Qxd3 30. Bxd3 Nc7 31. Nd5 Ncxd5 32. exd5 Nxd5 33. Bxg6 Ne3 34. Rd7 Rxe6
35. Bf7+ Kf8 36. Bxe6 Nxf1 37. gxf4 Ne3 38. Rf7+ Ke8 39. Rh7 Bf6 40. Bd7+ Kd8
41. Bxe5 Rb6 42. Bxf6+ Rxf6 43. Bxb5 Rd6 44. h3 Nc2 45. Bxa4 Nxa3 46. f5 Rb6
47. Bb3 Rxb4 48. Be6 Re4 49. Kg2 Nc2 50. Kf3 Rb4 51. Rxh6 Nd4+ 52. Kg3 Ke7 53.
Bc8 Kf7 54. Kg4 Rb1 55. Ra6 Rc1 56. Be6+ Kf6 57. Ba2+ Rc6 58. Ra7 Rc2 59. Bd5
Rc1 60. Rf7+ Ke5 61. Be6 Nxe6 62. fxe6 Kxe6 63. Rf3 Rc8 64. Kg5 Ke7 65. Kh6 Rg8
66. h4 Rg1 67. h5 Rg2 68. Kh7 Rg1 69. h6 Rg2 70. Ra3 Kf7 71. Ra7+ Kf8 72. Rg7
Rf2 73. Rg8+ Kf7 74. Rb8 Rg2 75. Rb5 Rg1 76. Rf5+ Ke7 1/2-1/2

[Event "27th Chicago Open"]
[Site "Chicago"]
[Date "2018.05.26"]
[Round "4"]
[White "Nyzhnyk, Illya"]
[Black "Larson, Matthew"]
[Result "0-1"]
[WhiteElo "2618"]
[BlackElo "2379"]
[PlyCount "52"]
[EventDate "2018.05.??"]
[EventType "swiss"]
[EventRounds "9"]
[EventCountry "USA"]

1. b3 e5 2. Bb2 Nc6 3. e3 Nf6 4. Bb5 Bd6 5. Na3 e4 6. Nc4 Be7 7. Bxc6 bxc6 8.
Ne2 O-O 9. d3 d5 10. Nd2 exd3 11. cxd3 Bd6 12. Rc1 Bd7 13. Bd4 Re8 14. Qc2 a5
15. O-O a4 16. bxa4 Ng4 17. h3 Nh6 18. e4 f5 19. Rfe1 fxe4 20. dxe4 Qg5 21. f4
Qh5 22. e5 Ba3 23. Rcd1 Nf5 24. Bf2 Qg6 25. Rb1 c5 26. Bxc5 Nh4 0-1

[Event "27th Chicago Open"]
[Site "Chicago"]
[Date "2018.05.26"]
[Round "4"]
[White "Li, Ruifeng"]
[Black "Santarius, Erik"]
[Result "1/2-1/2"]
[WhiteElo "2587"]
[BlackElo "2368"]
[PlyCount "115"]
[EventDate "2018.05.??"]
[EventType "swiss"]
[EventRounds "9"]
[EventCountry "USA"]

1. b3 Nf6 2. Bb2 b6 3. d3 d5 4. g3 Bb7 5. Bg2 g6 6. Bxf6 exf6 7. e3 Nc6 8. Ne2
Bg7 9. d4 Ne7 10. Nd2 O-O 11. O-O c6 12. c4 f5 13. Rc1 dxc4 14. bxc4 Qd7 15.
Nb3 Nc8 16. Qc2 Re8 17. Rfd1 Bf8 18. Nc3 Ba3 19. Rb1 Bf8 20. c5 Ne7 21. Rdc1
Rec8 22. Qb2 Ba6 23. Na4 b5 24. Nc3 b4 25. Ne2 Bd3 26. Ra1 a5 27. Nf4 Be4 28.
Bxe4 fxe4 29. Nd2 Qf5 30. Nc4 g5 31. Nd6 Qf6 32. Nxe4 Qh6 33. Nd3 Qg6 34. f3
Bg7 35. Ne5 Bxe5 36. dxe5 Nd5 37. Qd4 Rcb8 38. Nd6 Nc3 39. Kf2 a4 40. e4 Qe6
41. a3 Qh3 42. Rh1 bxa3 43. Nc4 Rb2+ 44. Nxb2 axb2 45. Qxc3 bxa1=Q 46. Qxa1 a3
47. Qa2 Qd7 48. e6 fxe6 49. Rd1 Qxd1 50. Qxe6+ Kf8 51. Qf6+ Ke8 52. Qxc6+ Kf7
53. Qb7+ Ke6 54. Qxa8 Qd2+ 55. Kf1 a2 56. Qe8+ Kf6 57. Qf8+ Kg6 58. Qg8+
1/2-1/2

[Event "27th Chicago Open"]
[Site "Chicago"]
[Date "2018.05.26"]
[Round "4"]
[White "Aaron, Deepak"]
[Black "Stukopin, Andrey"]
[Result "0-1"]
[WhiteElo "2361"]
[BlackElo "2580"]
[PlyCount "104"]
[EventDate "2018.05.??"]
[EventType "swiss"]
[EventRounds "9"]
[EventCountry "USA"]

1. e4 c5 2. Nf3 e6 3. d4 cxd4 4. Nxd4 Nc6 5. Nc3 Qc7 6. Nb3 Nf6 7. Bd3 a6 8.
Qe2 g6 9. f4 d6 10. Bd2 Bg7 11. O-O O-O 12. Rae1 b5 13. Nd1 e5 14. Qf2 exf4 15.
Bxf4 Bb7 16. Qh4 Rae8 17. Ne3 Nd8 18. Nd2 Nh5 19. Nf5 Nxf4 20. Nxg7 Qc5+ 21.
Kh1 Kxg7 22. Qxf4 Qe5 23. Qxe5+ Rxe5 24. a4 bxa4 25. Ra1 Bc6 26. Bxa6 Ne6 27.
Nc4 Rxe4 28. Nxd6 Rg4 29. Bb7 Bxb7 30. Nxb7 Rb8 31. Nd6 f5 32. Rae1 Ng5 33.
Re7+ Kf6 34. Ra7 Rxb2 35. Re1 Ne4 36. Ne8+ Kg5 37. h3 Rh4 38. Rc1 Ng3+ 39. Kh2
Ne2 40. g3 Rxh3+ 41. Kxh3 Nxc1 42. Rxa4 Rxc2 43. g4 Rc3+ 44. Kg2 fxg4 45. Nd6
Rc2+ 46. Kf1 Nd3 47. Ne4+ Kh4 48. Rd4 Nf4 49. Nf6 Rc1+ 50. Kf2 g3+ 51. Kf3 Rf1+
52. Ke3 g2 0-1

[Event "27th Chicago Open"]
[Site "Chicago"]
[Date "2018.05.26"]
[Round "4"]
[White "Macieja, Bartlomiej"]
[Black "Vibbert, Sean"]
[Result "1-0"]
[WhiteElo "2534"]
[BlackElo "2331"]
[PlyCount "123"]
[EventDate "2018.05.??"]
[EventType "swiss"]
[EventRounds "9"]
[EventCountry "USA"]

1. c4 Nf6 2. Nc3 c5 3. Nf3 Nc6 4. g3 g6 5. Bg2 Bg7 6. d4 O-O 7. dxc5 Qa5 8. O-O
Qxc5 9. b3 Rd8 10. e4 d6 11. Bd2 Qh5 12. Ne1 Bg4 13. f3 Bh3 14. Nd3 Bxg2 15.
Kxg2 g5 16. g4 Qh4 17. Be1 Qh6 18. h4 gxh4 19. Rh1 Qe3 20. Bf2 Qg5 21. Bxh4 Qa5
22. Ne2 Nd7 23. Be1 Qa3 24. Bc3 Bxc3 25. Nxc3 Nde5 26. Nd5 Nxd3 27. Qxd3 Qb2+
28. Kg3 e6 29. Nc3 Ne5 30. Qe3 f6 31. Rad1 Nf7 32. Rd2 Qa3 33. Qf4 Qc5 34. Qxf6
Qe5+ 35. Qxe5 dxe5 36. Rhd1 Rf8 37. Rd7 Ng5 38. R1d3 Rf6 39. Ne2 Raf8 40. Ng1
R6f7 41. Rxf7 Rxf7 42. Nh3 Nxh3 43. Kxh3 Kg7 44. c5 Kf6 45. b4 Kg5 46. Kg3 h5
47. gxh5 Kxh5 48. Rd6 Rg7+ 49. Kf2 Re7 50. Ke3 Kg5 51. a4 Kf6 52. Kd3 Rh7 53.
Rd8 Rh1 54. Rb8 Rd1+ 55. Kc4 Rd7 56. Kb5 Kg5 57. Re8 Kf6 58. Ra8 a6+ 59. Ka5
Ke7 60. b5 Rc7 61. Kb6 Kd7 62. Rh8 1-0